Województwo płockie 1975-1998 miasta - Statystyki

Ogólne statystyki
  • Ten quiz został rozwiązany 88 razy
  • Średni wynik to 6 z 10
Statystyki odpowiedzi
Hint Odpowiedź % Poprawnych
131 011 Płock
100%
20 435 Gostynin
84%
19 857 Sierpc
77%
4305 Gąbin
63%
50 592 Kutno
63%
3138 Drobin
60%
2907 Wyszogród
49%
16 531 Łęczyca
29%
10 012 Żychlin
25%
4475 Krośniewice
23%
Nie znaleziono quizów pasujących do podanych kryteriów
Rozkład punktacji
Procent ludzi z każdym wynikiem
Percentyl według liczby udzielonych odpowiedzi
Twoja historia wyników
Nie rozwiązałeś tego quizu